Phương pháp dạy học môn sinh học ở trung học cơ sở

Đã lưu trong:
Chi tiết về thư mục
Tác giả chính: Nguyễn Quang Vinh
Định dạng: Sách
Các nhãn: Thêm thẻ
Không có thẻ, Là người đầu tiên thẻ bản ghi này!
Thư viện lưu trữ: Mạng thư viện Đại học Đà Nẵng
LEADER 00707nam a2200205 4500
001 000013527
003 9869
005 20150812150828.0
008 120316s sd
100 0 |a Nguyễn Quang Vinh 
245 0 0 |a Phương pháp dạy học môn sinh học ở trung học cơ sở  |c Nguyễn Quang Vinh 
774 |a Nguyễn Quang Vinh  |d Đại học Sư Phạm  |d H.  |d 2005  |g Tập 1  |h 229 tr.  |n ĐTTS: Bộ giáo dục và đào tạo dự án đào tạo giáo viên THCS  |w 9870 
OWN |a LSP 
999 |a From the UDN01 
TYP |a Monograph 
TYP |a Printed language 
980 |a Mạng thư viện Đại học Đà Nẵng